The chronicles of Narnia: the voyage of the dawn treader (Record no. 8999)

MARC details
000 -LEADER
fixed length control field 00979nam a22002177a 4500
003 - CONTROL NUMBER IDENTIFIER
control field OSt
005 - DATE AND TIME OF LATEST TRANSACTION
control field 20260312024042.0
008 - FIXED-LENGTH DATA ELEMENTS--GENERAL INFORMATION
fixed length control field 260312b |||||||| |||| 00| 0 eng d
020 ## - INTERNATIONAL STANDARD BOOK NUMBER
International Standard Book Number 9780064471077
040 ## - CATALOGING SOURCE
Original cataloging agency DWCL GS lib
Transcribing agency OC
082 ## - DEWEY DECIMAL CLASSIFICATION NUMBER
Classification number L673 1994
100 ## - MAIN ENTRY--PERSONAL NAME
Personal name LEWIS, C.S.
245 ## - TITLE STATEMENT
Title The chronicles of Narnia: the voyage of the dawn treader
Statement of responsibility, etc. C.S. LEWIS
260 ## - PUBLICATION, DISTRIBUTION, ETC.
Place of publication, distribution, etc. New York
Name of publisher, distributor, etc. Harper Collins
Date of publication, distribution, etc. 1994
300 ## - PHYSICAL DESCRIPTION
Extent 271 p
Other physical details illustrations
Dimensions 17cm
520 ## - SUMMARY, ETC.
Summary, etc. Visiting their annoying cousin, Eustace, Lucy (Michael Apted) and Edmund Pevensie (Christopher Markus) come across a painting of a majestic ship called the Dawn Treader.
650 ## - SUBJECT ADDED ENTRY--TOPICAL TERM
Topical term or geographic name entry element as they are transported through a painting into the Narnian sea, where they join King Caspian X on a quest to find the seven lost lords of Narnia.
650 ## - SUBJECT ADDED ENTRY--TOPICAL TERM
Topical term or geographic name entry element true transformation and redemption come through humility, self-forgetfulness, and surrendering to divine grace.
700 ## - ADDED ENTRY--PERSONAL NAME
Personal name C.S. LEWIS
942 ## - ADDED ENTRY ELEMENTS (KOHA)
Source of classification or shelving scheme Dewey Decimal Classification
Koha item type Fiction
Suppress in OPAC No

No items available.